000 01097pam a2200325 a 4500
999 _c4538
_d4538
003 OSt
005 20220324091659.0
008 910529s1992 maua b 001 0 eng c
020 _a0750690763 (pbk. : alk. paper)
040 _cDLC
050 0 0 _aRC423
_b.L68 1992
060 _aWL 300 L897n
100 1 _aLove, Russell J.
245 1 0 _aNeurology for the speech-language pathologist /
_cRussell J. Love, Wanda G. Webb ; illustrations by Donna B. Halliburton ; additional illustrations by Paul Gross.
250 _a2nd ed.
260 _aBoston :
_bButterworth-Heinemann,
_cc1992.
300 _axiii, 309 p. :
_bill. ;
_c24 cm.
504 _aIncludes bibliographical references and index.
650 0 _aLanguage disorders.
650 0 _aNeurolinguistics.
650 0 _aSpeech disorders.
650 0 _aNeurology.
650 2 _aBrain
_xphysiology.
650 2 _aBrain
_xphysiopathology.
650 2 _aCommunicative Disorders
_xphysiopathology.
700 1 _aWebb, Wanda G.
906 _a7
_bcbc
_corignew
_d1
_eocip
_f19
_gy-gencatlg
942 _2lcc
_cBK